Devine la lightstick de Kpop - Statistiques

Statistiques générales
  • Ce quiz a été pris 484 fois
  • Le résultat moyen est 6 sur 9
Statistiques - réponses
Par images Réponse % Correct
BTS
100%
Le Sserafim
89%
Ive
80%
Mamamoo
75%
Enhypen
69%
IU
65%
Dreamcatcher
63%
The Boyz
60%
Pentagon
29%
Aucun quiz correspondant
Distribution des résultats
% des personnes avec chaque résultat
Percentile par nombre de réponses
Votre historique - résultats
Vous n’avez pas pris ce quiz